000 00301nam a2200121Ia 4500
008 191201s2011 xx 000 0 und d
100 _aMALL,Rajiv
245 0 _aFundamentals of Software Engineering
260 _aN. Delhi
_bNAROSA PUB
_c2011
300 _a441
650 _aB.Tech(CSE)
942 _2ddc
_cBK
999 _c6381
_d6381